000 00591nam a2200181Ia 4500
008 100920s9999 xx 000 0 und d
082 _b75225
_a24 थ 99
100 _aभट रविंद्र.
245 _aएका जनार्दनी.
260 _bइंद्रायणी साहित्य प्रकाशन पुणे 30.
_c1999
300 _a423
_bसाधी
365 _b200
520 _aसायो.
630 _aएका जनार्दनी.
650 _aसायो.
730 _aएका जनार्दनी.
942 _cBOOK
999 _c716763
_d716760